A Christmas dilemma. (Record no. 91146)

MARC details
000 -LEADER
fixed length control field 00685cam a22002173a 4500
001 - CONTROL NUMBER
control field tmp96010292
003 - CONTROL NUMBER IDENTIFIER
control field DLC
005 - DATE AND TIME OF LATEST TRANSACTION
control field 20260227112754.0
007 - PHYSICAL DESCRIPTION FIXED FIELD--GENERAL INFORMATION
fixed length control field cr_|||||||||||
008 - FIXED-LENGTH DATA ELEMENTS--GENERAL INFORMATION
fixed length control field 060712s1922 nyu 000 1 eng
010 ## - LIBRARY OF CONGRESS CONTROL NUMBER
LC control number tmp96010292
040 ## - CATALOGING SOURCE
Original cataloging agency DLC
Transcribing agency DLC
Modifying agency DLC
050 00 - LIBRARY OF CONGRESS CALL NUMBER
Classification number PS635.Z9
Item number L975
100 1# - MAIN ENTRY--PERSONAL NAME
Personal name Lyford, Katherine Van Etten,
Dates associated with a name 1897-1976
245 12 - TITLE STATEMENT
Title A Christmas dilemma.
260 ## - PUBLICATION, DISTRIBUTION, ETC.
Place of publication, distribution, etc. New York :
Name of publisher, distributor, etc. National Board of the Young Womens Christian Assoc.,
Date of publication, distribution, etc. c1922.
300 ## - PHYSICAL DESCRIPTION
Extent 6 p. ;
Dimensions 29 cm.
530 ## - ADDITIONAL PHYSICAL FORM AVAILABLE NOTE
Additional physical form available note Also available in digital form on the Internet Archive Web site.
650 #0 - SUBJECT ADDED ENTRY--TOPICAL TERM
Topical term or geographic name entry element Christmas plays.
856 41 - ELECTRONIC LOCATION AND ACCESS
Uniform Resource Identifier <a href="http://hdl.loc.gov/loc.gdc/scd0001.00142119110">http://hdl.loc.gov/loc.gdc/scd0001.00142119110</a>

No items available.

Powered by Koha